| 000 | 01256nam0a2200337 4500 | ||
|---|---|---|---|
| 001 | RU\NLR\bibl\199282 | ||
| 005 | 20250619092544.0 | ||
| 021 |
_aRU _b2001-17377 _9805 |
||
| 035 | _a(NLR Aleph) 000195669 | ||
| 090 |
_a1132784 _c1132784 |
||
| 100 | _a20010629d2001 |||y0rusy50 ca | ||
| 101 | 0 | _arus | |
| 102 | _aRU | ||
| 105 | _aa ||||||||| | ||
| 200 | 1 |
_aСовершенствование финансовой деятельности холдинговых предприятий _fСогомонян Артур Аршамович _gФонд поддержки ученых "Науч. перспектива" |
|
| 210 |
_aМ. _cИн-т соц.-полит. исслед. _d2001 |
||
| 215 |
_a144 с. _cсхем. _d21 |
||
| 320 | _aБиблиогр.: с. 136-144 | ||
| 606 | 0 |
_aХолдинг-компании _9933175 _3RU\NLR\auth\6625423 |
|
| 610 | 0 | _aХолдинг-компании - Финансы | |
| 675 |
_a336.64 _v3 _zrus |
||
| 686 |
_a06.75 _2rugasnti |
||
| 686 |
_a65.261.8 _2rubbk |
||
| 686 | _aУ29(2)19 | ||
| 700 | 1 |
_aСогомонян _gАртур Аршамович _4070 |
|
| 801 | 0 |
_aRU _bRKP _c20010629 _gPSBO |
|
| 801 | 1 |
_aRU _bRKP _c20010629 |
|
| 801 | 2 |
_aRU _bNLR _c20020123 _grcr |
|
| 942 | _cBOOK | ||
| 980 | _aNB | ||